000
00328nam a2200133Ia 4500
008
210210b1995 xxu||||| |||| 00| 0 eng d
082
_a
155.2 DOUH
100
_a
DOUGLAS (Mack R).
245
_a
How to win the high self-esteem.
260
_a
ND
_b
U B S P D Ltd.
_c
1995
300
_a
206
690
_a
Psychology
906
_a
050208
999
_c
99029
_d
99029